[Event "Madrid ch 2011-2012 Previa A"]
[Site "Madrid ESP"]
[Date "2012.02.20"]
[Round "7.16"]
[White "Ballesteros Galvez, Daniel"]
[Black "Garcia Lopez, Pedro"]
[Result "1/2-1/2"]
[WhiteElo "1733"]
[BlackElo "1854"]
[PlyCount "131"]
[EventDate "2012.02.06"]
[EventType "swiss"]
[EventRounds "9"]
[EventCountry "ESP"]
[Source "lmi"]
[SourceDate "2012.02.06"]

1. e4 c5 2. c3 a6 3. d4 b6 4. dxc5 bxc5 5. Qd5 Nc6 6. Qxc5 e6 7. Qg5 Nf6 8. e5
h6 9. Qg3 Ne4 10. Qg4 Nc5 11. Nf3 g6 12. Be3 Nb7 13. Bd3 Ne7 14. Nbd2 Nf5 15.
Bxf5 exf5 16. Qc4 Bg7 17. Bd4 O-O 18. O-O Na5 19. Qa4 Bb7 20. Rfe1 Bc6 21. Qc2
Rc8 22. h3 Nc4 23. Nxc4 Bxf3 24. Nd2 Bb7 25. Qd3 Qg5 26. Nf3 Qe7 27. Qe3 Rfe8
28. Qf4 Qe6 29. h4 Kh7 30. Nd2 Bf8 31. Nf3 Be7 32. Be3 Bf8 33. Nd4 Qxe5 34.
Qxe5 Rxe5 35. Bf4 Re4 36. g3 Rce8 37. Bd2 Bc5 38. Be3 Rc8 39. Nb3 Bxe3 40. Rxe3
Rxe3 41. fxe3 f6 42. Kf2 g5 43. hxg5 fxg5 44. Rd1 d5 45. Nd4 Kg6 46. Kf3 Re8
47. Rf1 h5 48. Rh1 a5 49. Kf2 Ba8 50. Rh2 Rb8 51. Ke1 Re8 52. Kf2 Bb7 53. Kf3
g4+ 54. Kf2 Ba6 55. Ne2 Bxe2 56. Kxe2 Kg5 57. Kd3 Re4 58. b3 Kg6 59. a3 Kg5 60.
b4 axb4 61. axb4 Rc4 62. Rh1 Kg6 63. Rh2 Kg5 64. Rh1 Rc7 65. Kd4 Rc4+ 66. Kd3
1/2-1/2

[Event "Madrid ch 2011-2012 Previa A"]
[Site "Madrid ESP"]
[Date "2012.02.20"]
[Round "7.18"]
[White "Roldan Garcia, Angel"]
[Black "Zhynguel Zhynguel, Alek"]
[Result "1-0"]
[WhiteElo "1762"]
[BlackElo "1600"]
[PlyCount "81"]
[EventDate "2012.02.06"]
[EventType "swiss"]
[EventRounds "9"]
[EventCountry "ESP"]
[Source "lmi"]
[SourceDate "2012.02.06"]

1. e4 e5 2. Nf3 Nc6 3. Bb5 Nd4 4. Nxd4 exd4 5. O-O c6 6. Bc4 Bc5 7. Bxf7+ Kxf7
8. Qh5+ g6 9. Qxc5 Qf6 10. e5 Qh4 11. f4 Ne7 12. Qxd4 Rf8 13. Qf2 Qg4 14. Nc3
Kg7 15. d3 b6 16. h3 Qe6 17. Ne4 Ng8 18. Qh4 h6 19. Qg3 Bb7 20. Bd2 Ne7 21. Nd6
Rab8 22. Rf2 Nf5 23. Nxf5+ Rxf5 24. Qe3 h5 25. Raf1 c5 26. c4 Rh8 27. b3 a5 28.
d4 cxd4 29. Qxd4 Rc8 30. Be3 Rc6 31. Rd2 Bc8 32. Qd5 Qe7 33. Qf3 h4 34. Rfd1
Rh5 35. Rd6 Rh8 36. Qg4 Rxd6 37. Rxd6 Qe8 38. Bxb6 Rh6 39. Bxa5 Qe7 40. Bc3 Kh7
41. a4 1-0

[Event "Madrid ch 2011-2012 Previa A"]
[Site "Madrid ESP"]
[Date "2012.02.20"]
[Round "7.21"]
[White "Zuazua Conde, Ivan Javier"]
[Black "Fernandez Martinez, Jose"]
[Result "1-0"]
[WhiteElo "1498"]
[BlackElo "1749"]
[PlyCount "78"]
[EventDate "2012.02.06"]
[EventType "swiss"]
[EventRounds "9"]
[EventCountry "ESP"]
[Source "lmi"]
[SourceDate "2012.02.06"]

1. d4 Nf6 2. c4 e6 3. Nc3 d5 4. Bg5 Be7 5. e3 O-O 6. Nf3 h6 7. Bh4 c6 8. Bd3
Nbd7 9. O-O dxc4 10. Bxc4 b5 11. Bd3 Nb6 12. Rc1 Bb7 13. Qe2 Rc8 14. Rfd1 a6
15. a3 Nbd5 16. Nxd5 cxd5 17. Bb1 Nd7 18. Qd3 g6 19. Bg3 Qb6 20. Ne5 Nxe5 21.
Bxe5 Rc6 22. Rxc6 Qxc6 23. Qe2 Rc8 24. Qg4 Qe8 25. h4 f5 26. Qg3 Kh7 27. f4 Qc6
28. h5 g5 29. fxg5 Bxg5 30. Bf4 Rg8 31. Bxg5 Rxg5 32. Qf3 a5 33. Qe2 b4 34.
axb4 axb4 35. Bd3 Rg7 36. Bb5 Qd6 37. Rc1 Rc7 38. Qd2 b3 39. Rc3 Qb4 1-0

[Event "Madrid ch 2011-2012 Previa A"]
[Site "Madrid ESP"]
[Date "2012.02.20"]
[Round "7.24"]
[White "Ruiz Castro, Manuel"]
[Black "Perez-nuñez Castillo, Jose A"]
[Result "1/2-1/2"]
[WhiteElo "1735"]
[BlackElo "1633"]
[PlyCount "116"]
[EventDate "2012.02.06"]
[EventType "swiss"]
[EventRounds "9"]
[EventCountry "ESP"]
[Source "lmi"]
[SourceDate "2012.02.06"]

1. e4 c6 2. d4 d5 3. exd5 cxd5 4. c3 Nf6 5. Nf3 Nc6 6. h3 h6 7. Bd3 e6 8. O-O
Bd6 9. Nbd2 Qc7 10. Nb3 b6 11. Be3 O-O 12. Qd2 Ne4 13. Bxe4 dxe4 14. Ne1 f5 15.
Qd1 Ba6 16. d5 Bxf1 17. Kxf1 exd5 18. Qxd5+ Kh8 19. Nd4 Nxd4 20. Bxd4 Rad8 21.
Qe6 Qf7 22. Qxh6+ Kg8 23. Qg5 Rfe8 24. Nc2 Bc5 25. Rd1 Bxd4 26. Nxd4 Qe7 27.
Qxf5 Qd7 28. Qxd7 Rxd7 29. Re1 Rde7 30. Re3 Rf7 31. Ke2 Ref8 32. f3 exf3+ 33.
Nxf3 Rf5 34. b4 a5 35. a3 axb4 36. axb4 b5 37. g4 R5f6 38. Nd4 Rf2+ 39. Kd3 Rd8
40. Rg3 Rf6 41. h4 g6 42. Kc2 Rd5 43. h5 Kh7 44. hxg6+ Kxg6 45. g5 Rf7 46. Kb3
Rc7 47. Ne6 Rf7 48. Nd4 Rc7 49. Re3 Rf7 50. Nc6 Kxg5 51. Re5+ Rxe5 52. Nxe5 Rc7
53. Nf3+ Kf4 54. Nd4 Rb7 55. Ne6+ Ke5 56. Nc5 Rf7 57. Na6 Kd6 58. Nc5 Rf5
1/2-1/2

[Event "Madrid ch 2011-2012 Previa A"]
[Site "Madrid ESP"]
[Date "2012.02.20"]
[Round "7.25"]
[White "Castro Uceda, Jose Antonio"]
[Black "Ojosnegros Martin, Angel"]
[Result "1-0"]
[WhiteElo "1649"]
[BlackElo "1480"]
[PlyCount "93"]
[EventDate "2012.02.06"]
[EventType "swiss"]
[EventRounds "9"]
[EventCountry "ESP"]
[Source "lmi"]
[SourceDate "2012.02.06"]

1. d4 d5 2. c4 e6 3. e3 Nf6 4. Nc3 Be7 5. Bd3 Nbd7 6. Nf3 O-O 7. O-O b6 8. Re1
Bb7 9. e4 dxc4 10. Bxc4 Bb4 11. Bg5 Be7 12. d5 e5 13. a3 Qb8 14. Bb5 Bd6 15.
Rc1 a6 16. Bxd7 Nxd7 17. Nb1 a5 18. Nc3 Ba6 19. Be3 Nf6 20. h3 b5 21. Qc2 Rc8
22. Qb1 b4 23. axb4 axb4 24. Ne2 Qb5 25. Ng3 Bb7 26. Bg5 Nd7 27. Nf5 f6 28. Be3
Bf8 29. Nd2 b3 30. Rc3 Ra4 31. Qd1 Qa6 32. Qg4 Nb6 33. Nh6+ Kh8 34. Nf7+ Kg8
35. Qe6 h5 36. Nh6+ Kh7 37. Nf7 Ra1 38. Rec1 Bb4 39. Nxb3 Rxc1+ 40. Rxc1 Qb5
41. Qf5+ Kg8 42. Qe6 Kh7 43. Bxb6 Qxb6 44. Qd7 Bf8 45. Rc3 Bb4 46. Rg3 Bf8 47.
Nd8 1-0

[Event "Madrid ch 2011-2012 Previa A"]
[Site "Madrid ESP"]
[Date "2012.02.20"]
[Round "7.27"]
[White "Barragan Panal, Juan Jose"]
[Black "De Mingo Matias, Jose Andres"]
[Result "1/2-1/2"]
[WhiteElo "1640"]
[BlackElo "1484"]
[PlyCount "50"]
[EventDate "2012.02.06"]
[EventType "swiss"]
[EventRounds "9"]
[EventCountry "ESP"]
[Source "lmi"]
[SourceDate "2012.02.06"]

1. d4 d5 2. c4 e6 3. Nf3 Nf6 4. g3 dxc4 5. Qa4+ Nbd7 6. Bg2 a6 7. Ne5 Nd5 8.
Qxc4 Nxe5 9. dxe5 b5 10. Qd3 Bb7 11. O-O Be7 12. Nc3 O-O 13. Rd1 c6 14. Be4 g6
15. Bh6 Re8 16. h4 Nxc3 17. Qxc3 Qc7 18. a3 Rad8 19. Bg5 Bxg5 20. hxg5 Rxd1+
21. Rxd1 Rc8 22. Qc5 Rd8 23. Rd6 Rxd6 24. exd6 Qd7 25. Bg2 Kf8 1/2-1/2

[Event "Madrid ch 2011-2012 Previa A"]
[Site "Madrid ESP"]
[Date "2012.02.20"]
[Round "7.30"]
[White "Veuthey Martinez, Eloy"]
[Black "Monge Gilgado, Eva Maria"]
[Result "1-0"]
[WhiteElo "1552"]
[BlackElo "1844"]
[PlyCount "85"]
[EventDate "2012.02.06"]
[EventType "swiss"]
[EventRounds "9"]
[EventCountry "ESP"]
[Source "lmi"]
[SourceDate "2012.02.06"]

1. d4 f5 2. Bf4 Nf6 3. e3 g6 4. h4 Bg7 5. h5 d6 6. h6 Bf8 7. Nc3 Nc6 8. Nf3 e6
9. Bd3 Bd7 10. a3 Qe7 11. Qe2 e5 12. dxe5 dxe5 13. Bg5 e4 14. Nd5 Nxd5 15. Bxe7
Bxe7 16. Bxe4 fxe4 17. Nd2 Nf6 18. Qc4 Bf5 19. O-O-O O-O-O 20. f3 exf3 21. gxf3
Nd5 22. Qe2 Nb6 23. e4 Nd4 24. Qg2 Be6 25. Rdf1 Rd6 26. Rf2 Rc6 27. Nb1 Rd8 28.
Nc3 Bxa3 29. Qg5 Bb4 30. Rd1 Bxc3 31. bxc3 Rxc3 32. Qe7 Nb3+ 33. Kb2 Na4+ 34.
Ka2 Nc1+ 35. Kb1 Rxd1 36. Qe8+ Rd8 37. Qxe6+ Kb8 38. Kxc1 Nc5 39. Qe7 Kc8 40.
Qxh7 Na4 41. Rd2 Rxf3 42. Rxd8+ Kxd8 43. Qg7 1-0

[Event "Madrid ch 2011-2012 Previa A"]
[Site "Madrid ESP"]
[Date "2012.02.20"]
[Round "7.31"]
[White "Cortijo Manso, Luis"]
[Black "Navas Marin, Felix"]
[Result "1-0"]
[WhiteElo "1547"]
[BlackElo "1605"]
[PlyCount "67"]
[EventDate "2012.02.06"]
[EventType "swiss"]
[EventRounds "9"]
[EventCountry "ESP"]
[Source "lmi"]
[SourceDate "2012.02.06"]

1. d4 d5 2. Nf3 Nf6 3. g3 Bf5 4. Bg2 e6 5. O-O Be7 6. Nbd2 Nbd7 7. c4 c6 8. Ng5
O-O 9. e4 dxe4 10. Ngxe4 Nxe4 11. Nxe4 Bxe4 12. Bxe4 Nf6 13. Bg2 Qb6 14. b3 a6
15. Be3 Qd8 16. Qe2 Nd7 17. Rad1 Nb6 18. Qg4 Bf6 19. h4 Kh8 20. h5 Rg8 21. Be4
g6 22. hxg6 fxg6 23. Qxe6 Qe7 24. Qxe7 Bxe7 25. d5 cxd5 26. cxd5 Bd8 27. Bd4+
Rg7 28. Bxg7+ Kxg7 29. d6 Rb8 30. Rd3 Nd7 31. Rc1 Bb6 32. Rdc3 Rf8 33. R3c2 Nc5
34. Rxc5 1-0

[Event "Madrid ch 2011-2012 Previa A"]
[Site "Madrid ESP"]
[Date "2012.02.21"]
[Round "8.2"]
[White "Ruiz Sanchez, Roberto"]
[Black "Fernandez Aransay, Fernando"]
[Result "1-0"]
[WhiteElo "1976"]
[BlackElo "1897"]
[PlyCount "95"]
[EventDate "2012.02.06"]
[EventType "swiss"]
[EventRounds "9"]
[EventCountry "ESP"]
[Source "lmi"]
[SourceDate "2012.02.06"]

1. e4 c5 2. Nf3 d6 3. d4 cxd4 4. Nxd4 Nf6 5. Nc3 g6 6. Bc4 Bg7 7. Be3 O-O 8.
Bb3 Nc6 9. h3 Bd7 10. O-O Qc8 11. Re1 Ne5 12. Qe2 a6 13. f4 Nc6 14. Nf3 b5 15.
e5 dxe5 16. fxe5 Nh5 17. Nd5 Rb8 18. Rad1 Qb7 19. Qf2 Nxe5 20. Nxe5 Bxe5 21.
Bh6 Bg3 22. Nxe7+ Kh8 23. Qd4+ f6 24. Re3 Bc6 25. Bxf8 Rxf8 26. Nxc6 Qxc6 27.
Re7 Nf4 28. Qxf4 Bxf4 29. Rdd7 Qxd7 30. Rxd7 f5 31. Kf2 Be5 32. c3 Bf4 33. Ra7
Bc1 34. Rxa6 Rb8 35. Ke2 Bxb2 36. Kd2 b4 37. c4 Bc3+ 38. Kd3 Rd8+ 39. Ke3 Bd2+
40. Ke2 Bc3 41. c5 Rc8 42. c6 Rc7 43. Kd3 Kg7 44. Kc4 Kf6 45. Kc5 Ke5 46. Ra8
Kf4 47. Kb6 Bd4+ 48. Kxc7 1-0

[Event "Madrid ch 2011-2012 Previa A"]
[Site "Madrid ESP"]
[Date "2012.02.21"]
[Round "8.3"]
[White "Lopez Heras, Arturo"]
[Black "Martos De La Vega, Alvaro"]
[Result "0-1"]
[WhiteElo "1897"]
[BlackElo "1935"]
[PlyCount "74"]
[EventDate "2012.02.06"]
[EventType "swiss"]
[EventRounds "9"]
[EventCountry "ESP"]
[Source "lmi"]
[SourceDate "2012.02.06"]

1. e4 c5 2. Nf3 d6 3. d4 cxd4 4. Nxd4 Nf6 5. Nc3 a6 6. g3 e5 7. Nde2 Nbd7 8.
Bg2 b5 9. O-O Bb7 10. h3 Be7 11. g4 Nc5 12. Ng3 g6 13. Bh6 Ne6 14. Qd2 Rc8 15.
Nd5 Nxd5 16. exd5 Nf4 17. Bxf4 exf4 18. Ne4 O-O 19. Nc3 f5 20. Qxf4 Rc4 21. Qe3
fxg4 22. hxg4 Bc8 23. f3 Bg5 24. Qd3 Bf4 25. Ne2 Be5 26. b3 Rc7 27. Rad1 Rcf7
28. Rf2 Bxg4 29. Qe4 Bf5 30. Qb4 Bxc2 31. Rd2 Bf5 32. a3 Bd7 33. Qe4 Bf5 34.
Qb4 Bc8 35. Rc2 Bd7 36. Rd2 Rf4 37. Nd4 Qb6 0-1

[Event "Madrid ch 2011-2012 Previa A"]
[Site "Madrid ESP"]
[Date "2012.02.21"]
[Round "8.4"]
[White "Morona Minguez, Irene"]
[Black "Martinez Montalvo, Eduardo"]
[Result "0-1"]
[WhiteElo "1901"]
[BlackElo "1804"]
[PlyCount "98"]
[EventDate "2012.02.06"]
[EventType "swiss"]
[EventRounds "9"]
[EventCountry "ESP"]
[Source "lmi"]
[SourceDate "2012.02.06"]

1. e4 d5 2. exd5 Nf6 3. c4 e6 4. dxe6 Bxe6 5. Nf3 Qe7 6. Qe2 Nc6 7. d4 O-O-O 8.
d5 Qb4+ 9. Nc3 Bf5 10. dxc6 Bc5 11. cxb7+ Kxb7 12. Ne5 Bd4 13. Bd2 Qxb2 14.
Qf3+ Be4 15. Rb1 Qxb1+ 16. Nxb1 Bxf3 17. Nxf3 Rhe8+ 18. Be2 Bc5 19. a3 Ng4 20.
Be3 Nxe3 21. fxe3 Rxe3 22. Rf1 Rde8 23. Ng1 R3e5 24. Nc3 Bxg1 25. Rxg1 Re3 26.
Kd2 Rxc3 27. Bf3+ Rxf3 28. gxf3 g6 29. h4 Re5 30. Rg3 Kc6 31. Kc3 Kc5 32. f4
Re4 33. Rg5+ f5 34. h5 Rxc4+ 35. Kb3 Rxf4 36. hxg6 hxg6 37. Rxg6 Rf1 38. Ra6 f4
39. Rxa7 Kb6 40. Ra8 f3 41. Rf8 f2 42. Kb2 c5 43. Rf6+ Kb5 44. Rf5 Kc4 45. a4
Kd3 46. a5 c4 47. Rf3+ Ke2 48. a6 Kxf3 49. a7 Rb1+ 0-1

[Event "Madrid ch 2011-2012 Previa A"]
[Site "Madrid ESP"]
[Date "2012.02.21"]
[Round "8.5"]
[White "Garcia-ruiz Fuentes, Angel Marcos"]
[Black "Fernandez Garcia, Ignacio"]
[Result "1-0"]
[WhiteElo "1846"]
[BlackElo "1903"]
[PlyCount "91"]
[EventDate "2012.02.06"]
[EventType "swiss"]
[EventRounds "9"]
[EventCountry "ESP"]
[Source "lmi"]
[SourceDate "2012.02.06"]

1. e4 e6 2. Nf3 b6 3. d4 Bb7 4. Bd3 d5 5. e5 c5 6. c3 Nc6 7. Be3 Be7 8. a3 h5
9. h4 a5 10. Ng5 Bxg5 11. hxg5 g6 12. g4 h4 13. f4 Qc7 14. Qe2 c4 15. Bc2 b5
16. Nd2 Nge7 17. Nf3 O-O-O 18. Rxh4 Rxh4 19. Nxh4 Rh8 20. Nf3 Rh1+ 21. Bg1 Qd8
22. Kd2 Qh8 23. Nh2 Qh3 24. Rf1 b4 25. Rf3 Qh4 26. Qg2 Rxg1 27. Qxg1 Na7 28.
Qg2 Qh8 29. axb4 axb4 30. Qf2 Qd8 31. Qe3 Qb6 32. Ke2 Nec6 33. f5 gxf5 34. gxf5
bxc3 35. bxc3 Qb2 36. Qd2 Nb5 37. g6 fxg6 38. fxg6 Ncxd4+ 39. cxd4 Nxd4+ 40.
Kf2 Nxf3 41. Nxf3 Qb6+ 42. Nd4 Qd8 43. Qf4 Qh8 44. Nxe6 Qh3 45. Qf8+ Kd7 46.
Qd6+ 1-0

[Event "Madrid ch 2011-2012 Previa A"]
[Site "Madrid ESP"]
[Date "2012.02.21"]
[Round "8.6"]
[White "Carrera Cabañeros, Francisco"]
[Black "Camarero Izquierdo, Juan Carlos"]
[Result "0-1"]
[WhiteElo "1819"]
[BlackElo "1896"]
[PlyCount "68"]
[EventDate "2012.02.06"]
[EventType "swiss"]
[EventRounds "9"]
[EventCountry "ESP"]
[Source "lmi"]
[SourceDate "2012.02.06"]

1. d4 f5 2. Nf3 Nf6 3. c4 e6 4. Nc3 Bb4 5. g3 b6 6. Bg2 Bb7 7. O-O Bxc3 8. bxc3
O-O 9. Bf4 Ne4 10. Qb3 d6 11. Ng5 Qf6 12. c5 d5 13. Nxe4 dxe4 14. Bxc7 Ba6 15.
cxb6 axb6 16. Rfe1 Nd7 17. e3 Rfc8 18. Bd6 Bc4 19. Qb2 Rc6 20. Bb4 b5 21. Bf1
Nb6 22. Red1 h5 23. Bxc4 Nxc4 24. Qe2 h4 25. d5 exd5 26. Rxd5 Rca6 27. Rxb5 Ne5
28. a3 Nf3+ 29. Kh1 Qg5 30. Qc4+ Kh8 31. Qd5 hxg3 32. fxg3 Rd8 33. Qxf5 Rh6 34.
Ra2 Rd1+ 0-1

[Event "Madrid ch 2011-2012 Previa A"]
[Site "Madrid ESP"]
[Date "2012.02.21"]
[Round "8.7"]
[White "Rodriguez Bachiller, Luis"]
[Black "Garcia Martin, Juan Manuel"]
[Result "1/2-1/2"]
[WhiteElo "1789"]
[BlackElo "1894"]
[PlyCount "44"]
[EventDate "2012.02.06"]
[EventType "swiss"]
[EventRounds "9"]
[EventCountry "ESP"]
[Source "lmi"]
[SourceDate "2012.02.06"]

1. Nf3 d5 2. g3 Nf6 3. Bg2 Nc6 4. d4 Bf5 5. c3 Qd7 6. O-O Bh3 7. Bf4 Bxg2 8.
Kxg2 e6 9. Nbd2 Bd6 10. Bxd6 Qxd6 11. Re1 O-O 12. e4 Nxe4 13. Nxe4 dxe4 14.
Rxe4 Rad8 15. Qe2 Ne7 16. Re1 c5 17. Qb5 cxd4 18. Rxd4 Qc6 19. Qxc6 Nxc6 20.
Rxd8 Rxd8 21. Re2 Kf8 22. Nd2 Rxd2 1/2-1/2

[Event "Madrid ch 2011-2012 Previa A"]
[Site "Madrid ESP"]
[Date "2012.02.21"]
[Round "8.9"]
[White "Jimenez Gonzalez, Marcos"]
[Black "Al-zarif Zabala, Bassam"]
[Result "1-0"]
[WhiteElo "1831"]
[BlackElo "1727"]
[PlyCount "71"]
[EventDate "2012.02.06"]
[EventType "swiss"]
[EventRounds "9"]
[EventCountry "ESP"]
[Source "lmi"]
[SourceDate "2012.02.06"]

1. c4 b6 2. Nc3 Bb7 3. e4 e6 4. g3 Bb4 5. Nge2 f5 6. Bg2 Nf6 7. O-O fxe4 8. d3
O-O 9. dxe4 Nc6 10. a3 Be7 11. Qc2 Rb8 12. h3 a6 13. Be3 Ne5 14. b3 Ne8 15. f4
Nc6 16. e5 Na5 17. Ne4 d5 18. exd6 cxd6 19. b4 Nc6 20. Rfd1 Qc7 21. Rac1 Ba8
22. b5 Nd8 23. Qb3 a5 24. N2c3 Kh8 25. Na4 e5 26. fxe5 dxe5 27. c5 bxc5 28.
Naxc5 Bxc5 29. Nxc5 Bxg2 30. Kxg2 Qf7 31. Qxf7 Rxf7 32. Na6 Ra8 33. b6 Nb7 34.
Nc7 Nxc7 35. Rxc7 Nd8 36. Rxd8+ 1-0

[Event "Madrid ch 2011-2012 Previa A"]
[Site "Madrid ESP"]
[Date "2012.02.21"]
[Round "8.10"]
[White "Perez Cameselle, Francisco"]
[Black "Roldan Garcia, Angel"]
[Result "1-0"]
[WhiteElo "1909"]
[BlackElo "1762"]
[PlyCount "55"]
[EventDate "2012.02.06"]
[EventType "swiss"]
[EventRounds "9"]
[EventCountry "ESP"]
[Source "lmi"]
[SourceDate "2012.02.06"]

1. Nf3 Nf6 2. g3 d5 3. Bg2 e6 4. O-O Be7 5. d3 O-O 6. Nbd2 Nbd7 7. e4 dxe4 8.
dxe4 a6 9. e5 Nd5 10. Qe2 b5 11. c4 bxc4 12. Nxc4 c5 13. h4 Rb8 14. Bd2 Qc7 15.
Ba5 Qc6 16. Rfd1 Qb5 17. a4 Qc6 18. Be1 N7b6 19. Nxb6 Qxb6 20. Rab1 Bd7 21. b3
Bc6 22. Rdc1 Rfd8 23. Nd2 Qb7 24. f4 Bxh4 25. Bxd5 Rxd5 26. gxh4 Rbd8 27. Nc4
Qe7 28. Rd1 1-0

[Event "Madrid ch 2011-2012 Previa A"]
[Site "Madrid ESP"]
[Date "2012.02.21"]
[Round "8.13"]
[White "Barroso Barroso, Jorge"]
[Black "Calcerrada Lopez, Enrique"]
[Result "1-0"]
[WhiteElo "1740"]
[BlackElo "1821"]
[PlyCount "59"]
[EventDate "2012.02.06"]
[EventType "swiss"]
[EventRounds "9"]
[EventCountry "ESP"]
[Source "lmi"]
[SourceDate "2012.02.06"]

1. e4 c5 2. c4 d6 3. Ne2 Nf6 4. Nbc3 a6 5. d4 cxd4 6. Nxd4 Nbd7 7. Be2 Nc5 8.
f3 e5 9. Nc2 Be7 10. O-O O-O 11. Be3 Be6 12. Rc1 Nh5 13. Nb4 f5 14. Nbd5 Bh4
15. exf5 Bf7 16. f4 Nxf4 17. Nxf4 exf4 18. Bxf4 Re8 19. Nd5 Ne4 20. Bf3 Bg5 21.
Bxg5 Nxg5 22. Bh5 Rf8 23. Bxf7+ Rxf7 24. Qd4 h6 25. f6 Ne6 26. Qg4 Nc7 27. Ne7+
Kh8 28. Qg6 Qf8 29. fxg7+ Qxg7 30. Rxf7 1-0

[Event "Madrid ch 2011-2012 Previa A"]
[Site "Madrid ESP"]
[Date "2012.02.21"]
[Round "8.14"]
[White "Rottenwöhrer, Christoph"]
[Black "Garcia Fernandez, Jesus"]
[Result "0-1"]
[WhiteElo "1595"]
[BlackElo "1916"]
[PlyCount "62"]
[EventDate "2012.02.06"]
[EventType "swiss"]
[EventRounds "9"]
[EventCountry "ESP"]
[Source "lmi"]
[SourceDate "2012.02.06"]

1. c4 c5 2. g3 g6 3. Bg2 Bg7 4. e3 Nc6 5. Ne2 Nf6 6. Nbc3 O-O 7. O-O d6 8. d3
Bg4 9. h3 Bxe2 10. Qxe2 Nd7 11. Bd2 e6 12. Rab1 f5 13. f4 Kh8 14. Nd1 g5 15.
Bc3 Rg8 16. Bxg7+ Rxg7 17. Kh2 Qe7 18. Rg1 Rag8 19. Nf2 gxf4 20. gxf4 Qh4 21.
Bxc6 bxc6 22. b4 cxb4 23. Qb2 e5 24. fxe5 Nxe5 25. Qe2 Rg3 26. Kh1 Nf3 27. Qb2+
R8g7 28. Rxg3 Qxg3 29. Ng4 Qxh3+ 30. Nh2 Nxh2 31. Qxh2 Qf3+ 0-1

[Event "Madrid ch 2011-2012 Previa A"]
[Site "Madrid ESP"]
[Date "2012.02.21"]
[Round "8.15"]
[White "Lucia Carpintero, Oscar"]
[Black "Redondo Garcia, Jose Luis"]
[Result "0-1"]
[WhiteElo "1661"]
[BlackElo "1855"]
[PlyCount "66"]
[EventDate "2012.02.06"]
[EventType "swiss"]
[EventRounds "9"]
[EventCountry "ESP"]
[Source "lmi"]
[SourceDate "2012.02.06"]

1. Nf3 c5 2. g3 e6 3. c4 g6 4. Bg2 Bg7 5. O-O Ne7 6. Nc3 a6 7. a3 Nbc6 8. Rb1
Rb8 9. b4 cxb4 10. axb4 b5 11. c5 Bb7 12. Ne4 O-O 13. Nd6 Nd5 14. Ba3 Nf6 15.
d4 Ne8 16. Nxb7 Rxb7 17. d5 exd5 18. Qxd5 Qe7 19. e3 Nf6 20. Qd2 Ra7 21. Nd4
Rc8 22. Rfd1 Ne5 23. Bb2 Nc4 24. Qc3 Rac7 25. Ba1 d5 26. Nc2 Ne8 27. Qd3 Nf6
28. Bxd5 Rd7 29. Bxf6 Qxf6 30. Bxf7+ Rxf7 31. Na3 Qxf2+ 32. Kh1 Nxe3 33. Rg1
Qf3+ 0-1

[Event "Madrid ch 2011-2012 Previa A"]
[Site "Madrid ESP"]
[Date "2012.02.21"]
[Round "8.16"]
[White "Garcia Lopez, Pedro"]
[Black "Ureña Castellanos, Antonio"]
[Result "0-1"]
[WhiteElo "1854"]
[BlackElo "1673"]
[PlyCount "84"]
[EventDate "2012.02.06"]
[EventType "swiss"]
[EventRounds "9"]
[EventCountry "ESP"]
[Source "lmi"]
[SourceDate "2012.02.06"]

1. d4 Nf6 2. c4 g6 3. Nc3 Bg7 4. e4 d6 5. h3 O-O 6. Be2 a6 7. Nf3 Nbd7 8. O-O
c5 9. d5 Rb8 10. a4 Re8 11. Bf4 Nh5 12. Bh2 Qb6 13. Rb1 Qd8 14. Ng5 Nhf6 15. f4
h6 16. Nf3 Nf8 17. e5 N6h7 18. Re1 Bf5 19. Bd3 Qc8 20. exd6 e6 21. g4 Bxd3 22.
Qxd3 Nd7 23. dxe6 fxe6 24. Qxg6 Qc6 25. Rxe6 Ndf8 26. Rxe8 Rxe8 27. Qd3 Nd7 28.
Nh4 Bd4+ 29. Qxd4 cxd4 30. Nd5 Qxc4 31. Ne7+ Kf7 32. Nhf5 Qd3 33. Nxh6+ Kf8 34.
Re1 Nhf6 35. Nhf5 Qxh3 36. Ng6+ Kf7 37. Ne5+ Nxe5 38. fxe5 Nxg4 39. Bg3 Rh8 40.
e6+ Kg8 41. Bh4 Rxh4 42. Nxh4 Qh2+ 0-1

[Event "Madrid ch 2011-2012 Previa A"]
[Site "Madrid ESP"]
[Date "2012.02.21"]
[Round "8.17"]
[White "Diaz Begonte, Manuel"]
[Black "Ballesteros Galvez, Daniel"]
[Result "1-0"]
[WhiteElo "1790"]
[BlackElo "1733"]
[PlyCount "51"]
[EventDate "2012.02.06"]
[EventType "swiss"]
[EventRounds "9"]
[EventCountry "ESP"]
[Source "lmi"]
[SourceDate "2012.02.06"]

1. e4 e5 2. d4 exd4 3. f4 Nc6 4. Nf3 Bc5 5. a3 a5 6. Bd3 Nf6 7. O-O Ng4 8. Qe1
d6 9. h3 Ne3 10. Rf2 Qf6 11. Nh2 O-O 12. Nf1 Qh4 13. Nxe3 dxe3 14. Bxe3 Bxe3
15. Qxe3 Bd7 16. Nd2 Rfe8 17. Nf3 Qe7 18. Re1 h6 19. c3 Kh8 20. g4 f5 21. gxf5
Bxf5 22. Nd4 Be6 23. f5 Bf7 24. f6 Qe5 25. Rf5 Nxd4 26. Rxe5 1-0

[Event "Madrid ch 2011-2012 Previa A"]
[Site "Madrid ESP"]
[Date "2012.02.21"]
[Round "8.18"]
[White "Pardiñas Riaño, Emilio"]
[Black "Zuazua Conde, Ivan Javier"]
[Result "1/2-1/2"]
[WhiteElo "1768"]
[BlackElo "1498"]
[PlyCount "36"]
[EventDate "2012.02.06"]
[EventType "swiss"]
[EventRounds "9"]
[EventCountry "ESP"]
[Source "lmi"]
[SourceDate "2012.02.06"]

1. e4 e5 2. Nf3 Nf6 3. Nxe5 d6 4. Nf3 Nxe4 5. d4 d5 6. Bd3 Bd6 7. h3 O-O 8. O-O
Re8 9. Re1 h6 10. Nc3 Nxc3 11. bxc3 c5 12. c4 dxc4 13. Bxc4 cxd4 14. Bb2 Nc6
15. Nxd4 Rxe1+ 16. Qxe1 Nxd4 17. Bxd4 Bf5 18. Bd3 Qg5 1/2-1/2

[Event "Madrid ch 2011-2012 Previa A"]
[Site "Madrid ESP"]
[Date "2012.02.21"]
[Round "8.22"]
[White "Martinez Miura, Enrique"]
[Black "Martinez Carrasco, Jesus"]
[Result "1/2-1/2"]
[WhiteElo "1670"]
[BlackElo "1580"]
[PlyCount "55"]
[EventDate "2012.02.06"]
[EventType "swiss"]
[EventRounds "9"]
[EventCountry "ESP"]
[Source "lmi"]
[SourceDate "2012.02.06"]

1. e4 c5 2. c4 Nc6 3. Nc3 Nf6 4. g3 d6 5. Bg2 e5 6. d3 Be7 7. Nge2 O-O 8. O-O
h6 9. h3 a6 10. Nd5 Nxd5 11. cxd5 Nb8 12. f4 Nd7 13. f5 Nf6 14. Kh1 Bd7 15. Be3
b6 16. Qd2 Re8 17. g4 Nh7 18. Ng1 Bg5 19. Nf3 Bxe3 20. Qxe3 b5 21. b3 b4 22.
Nd2 Bb5 23. Nc4 a5 24. a4 Bxc4 25. dxc4 Qe7 26. Qg3 Qd8 27. h4 f6 28. Rf2
1/2-1/2

[Event "Madrid ch 2011-2012 Previa A"]
[Site "Madrid ESP"]
[Date "2012.02.21"]
[Round "8.23"]
[White "Zhynguel Zhynguel, Alek"]
[Black "Veuthey Martinez, Eloy"]
[Result "1-0"]
[WhiteElo "1600"]
[BlackElo "1552"]
[PlyCount "123"]
[EventDate "2012.02.06"]
[EventType "swiss"]
[EventRounds "9"]
[EventCountry "ESP"]
[Source "lmi"]
[SourceDate "2012.02.06"]

1. e4 d6 2. Bc4 Nf6 3. d3 c6 4. Nc3 e5 5. a3 Be7 6. Nf3 O-O 7. Bb3 d5 8. exd5
cxd5 9. Nxe5 d4 10. Nxf7 Qa5 11. Nd6+ Kh8 12. Nc4 Qf5 13. Ne2 Ng4 14. O-O b5
15. Ng3 Qg6 16. Nd2 Bb7 17. Nde4 Bh4 18. Qe2 Nd7 19. f3 Ngf6 20. Nxf6 Nxf6 21.
Ne4 Rae8 22. Qd2 Nh5 23. Kh1 Bxe4 24. dxe4 Qxe4 25. Qd1 Qe5 26. Bd2 Ng3+ 27.
Kg1 Nxf1 28. Qxf1 Qe2 29. Bb4 Qxf1+ 30. Rxf1 Be7 31. Be1 Bg5 32. Bb4 Be3+ 33.
Kh1 Rf6 34. Bd5 Rc8 35. Be4 Rf7 36. h3 Rfc7 37. Rd1 Rxc2 38. Bxc2 Rxc2 39. h4
Rc1 40. Rxc1 Bxc1 41. Kg1 d3 42. Kf1 Bxb2 43. Ke1 Be5 44. Kd2 Bg3 45. h5 Kg8
46. Kxd3 Kf7 47. Bc3 Ke6 48. Bxg7 Kf5 49. Bh6 Ke5 50. Be3 a6 51. Bh6 Kd5 52. f4
Ke6 53. Ke4 Bf2 54. Bf8 Kf7 55. Bb4 Bh4 56. g4 Bf6 57. g5 Bb2 58. f5 a5 59. Bc5
h6 60. g6+ Kf6 61. Bd4+ Bxd4 62. Kxd4 1-0